| 000 | 01010pam a2200301 a 4500 | ||
|---|---|---|---|
| 001 | 464 | ||
| 005 | 20230425124243.0 | ||
| 008 | 951013s1996 maua j 000 1 eng | ||
| 020 | _a1564028798 (hardcover : alk. paper) | ||
| 040 |
_aDLC _cDLC _dDLC _dFISKH _beng |
||
| 050 | 0 | 0 |
_aPZ7.W1137 _bYo 1996 |
| 082 | 0 | 0 |
_a823.914 _220 |
| 100 | 1 | _aWaddell, Martin. | |
| 245 | 1 | 0 |
_aYou and me, Little Bear / _cMartin Waddell ; illustrated by Barbara Firth. |
| 250 | _a1st U.S. ed. | ||
| 260 |
_aLondon. _bWalker Books Ltd. _c2005. |
||
| 300 |
_a16 leaves of plates: _bcolor illustrations ; _c27 cm. |
||
| 505 | _aF | ||
| 520 | _aLittle Bear helps Big Bear gather wood, fetch water, and tidy the cave so that they can play together. | ||
| 521 |
_a400
_bLexile |
||
| 521 |
_aF
_bRaz-Plus |
||
| 650 | 1 |
_aBears _vFiction. |
|
| 650 | 1 |
_aPlay _vFiction. |
|
| 650 | 1 |
_aHelpfulness _vFiction. |
|
| 700 | 1 |
_aFirth, Barbara, _d1928-2013, _eill. |
|
| 906 |
_a7 _bcbc _corignew _d1 _eocip _f19 _gy-gencatlg |
||
| 942 |
_2ddc _cBK _n0 |
||
| 999 |
_c464 _d464 |
||